Statistics for Regions of Spain Quiz

Click here to take the quiz!

General Stats

  • This quiz has been taken 45,316 times
  • The average score is 11 of 17

Answers on the Map

Answers color-coded by a green-red scale on the quiz's map according to % correct below.
Loading ...
 

Answer Stats

Community% Correct
Catalonia
92%
Madrid
87%
Andalusia
78%
Canary Islands
77%
Basque Country
77%
Valencia
72%
Balearic Islands
67%
Galicia
66%
Aragon
63%
Castile and León
60%
Murcia
53%
Navarre
49%
Castilla-La Mancha
48%
Extremadura
48%
Asturias
48%
La Rioja
41%
Cantabria
39%

Score Distribution

Percentile by Number Answered

Percent of People with Each Score

Your Score History

You have not taken this quiz